[Event "Niederoesterreich Landesliga 1920"]
[Site "Austria"]
[Date "2019.09.22"]
[Round "1.3"]
[White "Wadsack, Wolfgang"]
[Black "Mlynek, Petr"]
[Result "1-0"]
[WhiteElo "2137"]
[BlackElo "2094"]
[PlyCount "83"]
[EventDate "2019.09.22"]
[EventType "team-tourn"]
[EventRounds "9"]
[EventCountry "AUT"]
[SourceTitle "CBM 195 Extra"]
[Source "ChessBase"]
[SourceDate "2020.05.31"]
[SourceVersion "1"]
[SourceVersionDate "2020.05.31"]
[SourceQuality "1"]
[WhiteTeam "Amstetten"]
[BlackTeam "Zwettl"]
[WhiteTeamCountry "AUT"]
[BlackTeamCountry "AUT"]

1. e4 c6 2. d4 d5 3. exd5 cxd5 4. c4 Nf6 5. Nc3 e6 6. c5 Nc6 7. Nf3 Be7 8. Bb5 0-0 9. 0-0 Bd7 10. Re1 b6 11. Ne5 Nxe5 12. dxe5 Ne4 13. Rxe4 Bxb5 14. Rg4 Bc6 15. Bh6 f5 16. Rxg7+ Kh8 17. cxb6 Rg8 18. Rxg8+ Qxg8 19. b7 Bxb7 20. Qf3 Rb8 21. Nb5 d4 22. Qg3 Bxg2 23. Kxg2 Rxb5 24. Rc1 Qxg3+ 25. hxg3 Rc5 26. Kf3 Kg8 27. Bf4 Kf7 28. Ke2 Rb5 29. b3 Bc5 30. a4 d3+ 31. Kd1 Rxb3 32. Rxc5 Kg6 33. Rc7 a5 34. Rc6 Rb1+ 35. Kd2 Rb2+ 36. Kxd3 Rxf2 37. Rxe6+ Kh5 38. Rh6+ Kg4 39. Ke3 Rf3+ 40. Kd4 Ra3 41. e6 Rxa4+ 42. Kd5 1-0

[Event "Niederoesterreich Landesliga 1819"]
[Site "Austria"]
[Date "2019.02.17"]
[Round "8.3"]
[White "Mostbauer, Florian"]
[Black "Wadsack, Wolfgang"]
[Result "1/2-1/2"]
[WhiteElo "2342"]
[BlackElo "2165"]
[PlyCount "126"]
[EventDate "2018.09.30"]
[EventType "team-tourn"]
[EventRounds "11"]
[EventCountry "AUT"]
[SourceTitle "CBM 189 Extra"]
[Source "ChessBase"]
[SourceDate "2019.06.03"]
[SourceVersion "1"]
[SourceVersionDate "2019.06.03"]
[SourceQuality "1"]
[WhiteTeam "Boehlerwerk"]
[BlackTeam "Amstetten"]
[WhiteTeamCountry "AUT"]
[BlackTeamCountry "AUT"]

1. e4 d5 2. exd5 Nf6 3. c4 c6 4. Nc3 cxd5 5. d4 Nc6 6. Nf3 Bg4 7. cxd5 Nxd5 8. Qb3 Bxf3 9. gxf3 Nb6 10. Be3 e6 11. 0-0-0 Qc8 12. Kb1 Be7 13. Rg1 g6 14. Bh6 Qd7 15. d5 exd5 16. Nxd5 Qf5+ 17. Qd3 Qxd3+ 18. Rxd3 0-0-0 19. Nxe7+ Nxe7 20. Bh3+ f5 21. Rc1+ Nc6 22. Ra3 a6 23. Bf1 Rd6 24. Be3 Nd5 25. Bc5 Rd7 26. Bxa6 bxa6 27. Bd4 Re8 28. Rxc6+ Rc7 29. Rxc7+ Nxc7 30. Re3 Ne6 31. Be5 Kb7 32. Bc3 Kc6 33. Re5 Nc7 34. Rxe8 Nxe8 35. Kc2 Nc7 36. Kd3 Kd5 37. Bd2 Nb5 38. Be3 Nd6 39. b3 Nb5 40. a4 Nd6 41. Bf4 Nb7 42. b4 Nd8 43. Be3 Ne6 44. Kc3 f4 45. Ba7 Ng5 46. Bb8 Ne6 47. Kd3 h6 48. Kc3 Nd4 49. h4 h5 50. Bc7 Nxf3 51. Bd8 Nd4 52. Bf6 Nf5 53. Kd3 Nd6 54. Bg5 Nc4 55. Bf6 Nb6 56. b5 Nxa4 57. bxa6 Nc5+ 58. Ke2 Nxa6 59. Kf3 Ke6 60. Bg5 Kf5 61. Bxf4 Nc5 62. Bg5 Ne6 63. Be7 Nf4 1/2-1/2

[Event "Niederoesterreich Landesliga 1819"]
[Site "Austria"]
[Date "2018.12.09"]
[Round "6.4"]
[White "Wadsack, Wolfgang"]
[Black "Woeber, Friedrich"]
[Result "0-1"]
[WhiteElo "2165"]
[BlackElo "2134"]
[PlyCount "114"]
[EventDate "2018.09.30"]
[EventType "team-tourn"]
[EventRounds "11"]
[EventCountry "AUT"]
[SourceTitle "CBM 189 Extra"]
[Source "ChessBase"]
[SourceDate "2019.06.03"]
[SourceVersion "1"]
[SourceVersionDate "2019.06.03"]
[SourceQuality "1"]
[WhiteTeam "Amstetten"]
[BlackTeam "Krems Voest"]
[WhiteTeamCountry "AUT"]
[BlackTeamCountry "AUT"]

1. e4 c5 2. c3 Nf6 3. e5 Nd5 4. d4 cxd4 5. cxd4 d6 6. Nf3 Nc6 7. Bc4 dxe5 8. Bxd5 Qxd5 9. Nc3 Qd6 10. d5 Nd4 11. Nxd4 exd4 12. Qxd4 e5 13. Qd3 Bd7 14. 0-0 f5 15. Re1 Kf7 16. Qf3 Qf6 17. Be3 Bd6 18. Rac1 Rhc8 19. Qh3 Rc4 20. Qh5+ Kg8 21. Bg5 Qf7 22. Qxf7+ Kxf7 23. b3 Rc7 24. Bd2 Rac8 25. Nb1 b5 26. Rxc7 Rxc7 27. Rc1 Rxc1+ 28. Bxc1 Bc5 29. Kf1 Ke7 30. Bb2 Kd6 31. f4 Bd4 32. Bxd4 exd4 33. Ke2 b4 34. a4 bxa3 35. Nxa3 Kxd5 36. Kd3 Bc8 37. b4 Bd7 38. g3 a6 39. Kd2 Ke4 40. Nc4 d3 41. h4 Bb5 42. Nd6+ Kf3 43. Nxf5 g6 44. Ne7 Kxg3 45. f5 gxf5 46. Nxf5+ Kg4 47. Nd4 Kxh4 48. Ke3 Kg4 49. Nf3 h5 50. Kf2 Kf4 51. Nd2 Bc6 52. Nb3 h4 53. Nc5 Be4 54. Ne6+ Ke5 55. Ng5 Kf4 56. Nh3+ Kg4 57. Ng1 h3 0-1

[Event "Ansfelden Regional-ch"]
[Site "Ansfelden"]
[Date "2018.03.28"]
[Round "6"]
[White "Koller, Hans Juergen"]
[Black "Wadsack, Wolfgang"]
[Result "1/2-1/2"]
[WhiteElo "2163"]
[BlackElo "2183"]
[PlyCount "95"]
[EventDate "2018.03.23"]
[EventType "tourn"]
[EventRounds "9"]
[EventCountry "AUT"]
[SourceTitle "CBM 183 Extra"]
[Source "ChessBase"]
[SourceDate "2018.04.19"]
[SourceVersion "1"]
[SourceVersionDate "2018.04.19"]
[SourceQuality "1"]

1. Nf3 d5 2. g3 Nf6 3. Bg2 g6 4. c4 c6 5. d4 Bg7 6. 0-0 0-0 7. Qb3 Nbd7 8. Nc3 dxc4 9. Qxc4 Nb6 10. Qd3 Nbd5 11. e4 Nxc3 12. bxc3 Qa5 13. Bg5 h6 14. Bd2 Be6 15. Rfb1 b5 16. Ne5 Qc7 17. a4 a6 18. Qe2 Rab8 19. h4 Qc8 20. axb5 axb5 21. Ra7 Re8 22. Rba1 Nd7 23. Ng4 Nb6 24. Ne3 b4 25. d5 cxd5 26. exd5 bxc3 27. dxe6 cxd2 28. exf7+ Kxf7 29. Rd1 Qe6 30. Qxd2 Rbd8 31. Qxd8 Rxd8 32. Rxd8 Be5 33. Ra6 Qb3 34. Ng4 Bg7 35. Kh2 Qb4 36. Rb8 Bd4 37. Raa8 Kg7 38. Rg8+ Kh7 39. Rab8 h5 40. Ne3 Qd2 41. Rgf8 Kg7 42. Rg8+ Kh7 43. Rge8 Bc5 44. Rh8+ Kg7 45. Rbg8+ Kf7 46. Rd8 Qb2 47. Rhf8+ Kg7 48. Rg8+ 1/2-1/2

[Event "Ansfelden Regional-ch"]
[Site "Ansfelden"]
[Date "2018.03.25"]
[Round "3"]
[White "Hiermann, Dietmar"]
[Black "Wadsack, Wolfgang"]
[Result "1/2-1/2"]
[WhiteElo "2257"]
[BlackElo "2183"]
[PlyCount "139"]
[EventDate "2018.03.23"]
[EventType "tourn"]
[EventRounds "9"]
[EventCountry "AUT"]
[SourceTitle "CBM 183 Extra"]
[Source "ChessBase"]
[SourceDate "2018.04.19"]
[SourceVersion "1"]
[SourceVersionDate "2018.04.19"]
[SourceQuality "1"]

1. e4 d5 2. exd5 Nf6 3. d4 Nxd5 4. Nf3 Bg4 5. Be2 Nc6 6. h3 Bh5 7. c4 Nb6 8. 0-0 e6 9. Be3 Bxf3 10. Bxf3 Nxc4 11. Bxc6+ bxc6 12. Qa4 Nb6 13. Qxc6+ Qd7 14. Qc2 Bd6 15. Nc3 0-0 16. Rfd1 Rab8 17. Rac1 f5 18. d5 e5 19. b3 Rf6 20. f3 Rg6 21. Kf1 Rf8 22. Qe2 Qe7 23. Nb5 e4 24. Nxd6 Qxd6 25. Rc6 Qd7 26. Rxg6 hxg6 27. Bxb6 exf3 28. Qxf3 Qb5+ 29. Qe2 Qxb6 30. d6 cxd6 31. Qe6+ Kh7 32. Rxd6 Qb5+ 33. Qe2 Qb4 34. Qd2 Qb5+ 35. Qd3 Qc5 36. Qd4 Qc1+ 37. Kf2 Re8 38. Qh4+ Kg8 39. Qc4+ Qxc4 40. bxc4 Rc8 41. Rd4 Rc5 42. Ke3 Re5+ 43. Kf3 Ra5 44. Rd2 Ra3+ 45. Kf4 Rc3 46. Rd4 Rc2 47. Ke5 Rxg2 48. c5 Rc2 49. Kd6 g5 50. Rd5 g4 51. hxg4 fxg4 52. Rg5 Rd2+ 53. Kc7 Rxa2 54. c6 Kf7 55. Rxg4 Rc2 56. Kb8 Kf6 57. c7 g5 58. Rg2 Rc1 59. Rg1 Rc2 60. c8Q Rxc8+ 61. Kxc8 Kf5 62. Kd7 Kf4 63. Ke6 g4 64. Kd5 g3 65. Kd4 Kf3 66. Rf1+ Ke2 67. Rf7 g2 68. Rg7 Kf2 69. Rf7+ Ke2 70. Rg7 1/2-1/2

[Event "Niederoesterreich Landesliga 1718"]
[Site "Austria"]
[Date "2018.01.21"]
[Round "7.3"]
[White "Ganaus, Hannes"]
[Black "Wadsack, Wolfgang"]
[Result "1-0"]
[WhiteElo "2239"]
[BlackElo "2161"]
[PlyCount "117"]
[EventDate "2017.10.01"]
[EventType "team-tourn"]
[EventRounds "11"]
[EventCountry "AUT"]
[SourceTitle "EXT 2019"]
[Source "ChessBase"]
[SourceDate "2018.10.10"]
[SourceVersion "1"]
[SourceVersionDate "2018.10.10"]
[SourceQuality "1"]
[WhiteTeam "Poechlarn"]
[BlackTeam "Amstetten"]
[WhiteTeamCountry "AUT"]
[BlackTeamCountry "AUT"]

1. d4 d5 2. e3 Nf6 3. c4 e6 4. Nf3 Bb4+ 5. Nbd2 c6 6. a3 Qa5 7. Rb1 Be7 8. Qc2 0-0 9. Bd3 dxc4 10. Bxc4 c5 11. dxc5 Qxc5 12. b4 Qc7 13. Qb3 a5 14. b5 b6 15. Bb2 Nbd7 16. Rc1 Nc5 17. Qa2 Bb7 18. 0-0 Nfd7 19. Be2 Bd5 20. Qa1 Bf6 21. e4 Bxb2 22. Qxb2 Bb7 23. Rfe1 e5 24. Bc4 h6 25. Nb3 Rae8 26. Qa2 Re7 27. Nh4 Kh7 28. Nf5 Ree8 29. f3 g6 30. Ne3 a4 31. Nxc5 Nxc5 32. Red1 Qe7 33. Bd5 Rd8 34. Bxb7 Rxd1+ 35. Rxd1 Nxb7 36. Rd5 Rc8 37. Qd2 Rc7 38. Ng4 g5 39. Qb2 f6 40. h4 Kg6 41. Kh2 Nd6 42. Qb4 Nc4 43. h5+ Kg7 44. Qxe7+ Rxe7 45. Rd3 Ra7 46. Kh3 Rf7 47. Ne3 Nxe3 48. Rxe3 f5 49. exf5 Rxf5 50. Re4 Kf6 51. Rxa4 e4 52. Rxe4 Rxb5 53. Rb4 Ra5 54. Rxb6+ Kf5 55. g4+ Kf4 56. Rf6+ Ke3 57. Kg3 Rxa3 58. Re6+ Kd4 59. Rxh6 1-0

[Event "Niederoesterreich Landesliga 1718"]
[Site "Austria"]
[Date "2017.11.12"]
[Round "4.3"]
[White "Wadsack, Wolfgang"]
[Black "Seidler, Dieter"]
[Result "1-0"]
[WhiteElo "2161"]
[BlackElo "1936"]
[PlyCount "72"]
[EventDate "2017.10.01"]
[EventType "team-tourn"]
[EventRounds "11"]
[EventCountry "AUT"]
[SourceTitle "EXT 2019"]
[Source "ChessBase"]
[SourceDate "2018.10.10"]
[SourceVersion "1"]
[SourceVersionDate "2018.10.10"]
[SourceQuality "1"]
[WhiteTeam "Amstetten"]
[BlackTeam "Bisamberg/Korneuburg"]
[WhiteTeamCountry "AUT"]
[BlackTeamCountry "AUT"]

1. e4 e6 2. d4 d5 3. Nc3 Bb4 4. Bd2 dxe4 5. Qg4 Nf6 6. Qxg7 Rg8 7. Qh6 Qxd4 8. 0-0-0 Rg6 9. Qh4 Rg4 10. Qh3 Qxf2 11. Be3 Qf5 12. Bb5+ Ke7 13. Rf1 Qg6 14. Nge2 c6 15. Bc4 Nd5 16. Bxd5 Bxc3 17. Bc5+ Ke8 18. Qxc3 exd5 19. Qh8+ Kd7 20. Qf8 Kc7 21. Rxf7+ Nd7 22. Rhf1 b6 23. Be3 Kb7 24. g3 Qg8 25. Qe7 a5 26. Nd4 Rg6 27. Ne6 Ra7 28. Qd6 Ka6 29. Qxc6 Rb7 30. Qxd5 Ne5 31. Rxb7 Bxb7 32. Nc7+ Ka7 33. Qxe5 Qc4 34. Qxa5+ Ba6 35. Qxa6+ Qxa6 36. Nxa6 Kxa6 1-0

[Event "Hoersching op 5th"]
[Site "Hoersching"]
[Date "2017.09.02"]
[Round "6"]
[White "Mostbauer, Florian"]
[Black "Wadsack, Wolfgang"]
[Result "1-0"]
[WhiteElo "2269"]
[BlackElo "2161"]
[PlyCount "75"]
[EventDate "2017.08.28"]
[EventType "swiss"]
[EventRounds "7"]
[EventCountry "AUT"]
[SourceTitle "CBM 180 Extra"]
[Source "ChessBase"]
[SourceDate "2017.10.06"]
[SourceVersion "1"]
[SourceVersionDate "2017.10.06"]
[SourceQuality "1"]

1. d4 d5 2. Bf4 Nf6 3. e3 e6 4. Nf3 c5 5. c3 Qb6 6. Qb3 c4 7. Qc2 Nc6 8. Nbd2 Nh5 9. Be2 Nxf4 10. exf4 Bd6 11. g3 Bd7 12. Ne5 Nxe5 13. fxe5 Be7 14. 0-0 0-0 15. f4 f6 16. exf6 Bxf6 17. Bg4 Qd6 18. Rae1 Rae8 19. Nf3 b5 20. Ne5 Bc8 21. h4 a5 22. Rf2 b4 23. Qa4 bxc3 24. bxc3 Qc7 25. Kg2 Bxe5 26. Rxe5 Bd7 27. Qa3 Rf6 28. Rfe2 g6 29. h5 Kg7 30. Rb2 Rb8 31. Rxb8 Qxb8 32. Qe7+ Rf7 33. h6+ Kg8 34. Bxe6 Qb2+ 35. Kh3 Bxe6+ 36. Qxe6 Qf2 37. Qxd5 Qf1+ 38. Kh4 1-0

[Event "Hoersching op 4th"]
[Site "Hoersching"]
[Date "2016.09.03"]
[Round "6"]
[White "Wadsack, Wolfgang"]
[Black "Kretz, Nikolaus"]
[Result "1-0"]
[WhiteElo "2163"]
[BlackElo "1892"]
[PlyCount "55"]
[EventDate "2016.08.29"]
[EventType "swiss"]
[EventRounds "7"]
[EventCountry "AUT"]
[SourceTitle "CBM 174 Extra"]
[Source "ChessBase"]
[SourceDate "2016.10.10"]
[SourceVersion "1"]
[SourceVersionDate "2016.10.10"]
[SourceQuality "1"]

1. e4 d5 2. exd5 Nf6 3. c4 c6 4. d4 cxd5 5. Nc3 Nc6 6. Bg5 dxc4 7. Bxc4 Qxd4 8. Qxd4 Nxd4 9. 0-0-0 Nc6 10. Nb5 Bd7 11. Nc7+ Kd8 12. Nxa8 Ne4 13. Be3 Nd6 14. Bb3 Kc8 15. Nf3 Kb8 16. Ng5 Be8 17. Bc5 g6 18. Bxd6+ exd6 19. Nxf7 Bxf7 20. Bxf7 Bh6+ 21. Kb1 Rf8 22. Rhe1 Ne5 23. Bb3 Kxa8 24. Rxd6 Nc6 25. Rd7 Rxf2 26. Re8+ Nb8 27. Bd5 Rf1+ 28. Kc2 1-0

[Event "Hoersching op 4th"]
[Site "Hoersching"]
[Date "2016.08.29"]
[Round "1"]
[White "Spitzl, Robert"]
[Black "Wadsack, Wolfgang"]
[Result "0-1"]
[WhiteElo "1740"]
[BlackElo "2163"]
[PlyCount "96"]
[EventDate "2016.08.29"]
[EventType "swiss"]
[EventRounds "7"]
[EventCountry "AUT"]
[SourceTitle "CBM 174 Extra"]
[Source "ChessBase"]
[SourceDate "2016.10.10"]
[SourceVersion "1"]
[SourceVersionDate "2016.10.10"]
[SourceQuality "1"]

1. Nf3 d5 2. d4 Nf6 3. Nc3 e6 4. g3 c5 5. Bg2 Nc6 6. e3 b6 7. 0-0 Bb7 8. a3 Rc8 9. Re1 Be7 10. Qe2 0-0 11. Bd2 a6 12. Ne5 Qc7 13. Nxc6 Qxc6 14. Rac1 b5 15. Na2 Qb6 16. dxc5 Bxc5 17. Bb4 a5 18. Bxc5 Rxc5 19. c3 Rfc8 20. Rcd1 h6 21. Rd2 R5c7 22. Red1 Qc5 23. Nc1 Ba6 24. Nd3 Qc4 25. Nf4 b4 26. Qxc4 Bxc4 27. axb4 axb4 28. cxb4 Rb7 29. Nd3 Bxd3 30. Rxd3 Rxb4 31. b3 Rc2 32. Rb1 Rc8 33. h3 Rcb8 34. Bf3 Nd7 35. Bd1 Ne5 36. Rc3 g6 37. f4 Nd7 38. Kf2 Kg7 39. Ra1 R8b7 40. Rac1 Nf6 41. Rc7 Ne4+ 42. Kg2 Rxc7 43. Rxc7 Nd6 44. Ra7 Nf5 45. Kf2 d4 46. e4 Ne3 47. Ke2 Nxd1 48. Kxd1 Rxb3 0-1

[Event "Niederoesterreich Landesliga 1516"]
[Site "Austria"]
[Date "2016.04.03"]
[Round "11.3"]
[White "Wadsack, Wolfgang"]
[Black "Buchnicek, Petr"]
[Result "1/2-1/2"]
[WhiteElo "2153"]
[BlackElo "2307"]
[PlyCount "132"]
[EventDate "2015.09.27"]
[EventType "team-tourn"]
[EventRounds "11"]
[EventCountry "AUT"]
[SourceTitle "EXT 2017"]
[Source "ChessBase"]
[SourceDate "2016.10.25"]
[SourceVersion "1"]
[SourceVersionDate "2016.10.25"]
[SourceQuality "1"]
[WhiteTeam "Amstetten"]
[BlackTeam "Zwettl"]
[WhiteTeamCountry "AUT"]
[BlackTeamCountry "AUT"]

1. e4 c6 2. d4 d5 3. exd5 cxd5 4. c4 Nf6 5. Nc3 g6 6. cxd5 Bg7 7. Qb3 0-0 8. Bd3 Nbd7 9. Bg5 Nb6 10. Bxf6 Bxf6 11. Nge2 a5 12. a4 e6 13. d6 Bg7 14. Nb5 Nd5 15. Be4 Bd7 16. Bxd5 exd5 17. Nc7 Rb8 18. 0-0 Bc6 19. Qg3 Qf6 20. Nc3 Rfd8 21. N7b5 Bf8 22. Qe5 Kg7 23. Rfe1 Bxd6 24. Nxd6 Rxd6 25. Re3 Re8 26. Qxf6+ Kxf6 27. Rxe8 Bxe8 28. Re1 Bd7 29. Re5 Be6 30. h3 Ke7 31. g4 f6 32. Re3 g5 33. Kf1 Kd7 34. Rf3 Bf7 35. Ke1 h5 36. gxh5 Bxh5 37. Re3 Bf7 38. Kd2 Be6 39. b3 Rc6 40. Ne2 Rc8 41. f4 Rh8 42. fxg5 fxg5 43. Ng1 Rh4 44. Nf3 Rxh3 45. Nxg5 Rxe3 46. Kxe3 Bg4 47. Nf3 Ke6 48. Ne5 Bd1 49. Nd3 b6 50. Nc1 Kf5 51. Kd2 Bf3 52. Ke3 Be4 53. Ne2 Bc2 54. Nc1 Kg4 55. Kd2 Be4 56. Ke3 Bf3 57. Nd3 Be4 58. Ne5+ Kf5 59. Nd7 Bc2 60. Nxb6 Ke6 61. Kd2 Bxb3 62. Kc3 Bd1 63. Kd2 Bg4 64. Kc3 Kd6 65. Nxd5 Kxd5 66. Kb2 Kxd4 1/2-1/2

[Event "Niederoesterreich Landesliga 1516"]
[Site "Austria"]
[Date "2016.03.13"]
[Round "10.3"]
[White "Bauer, Thomas"]
[Black "Wadsack, Wolfgang"]
[Result "1/2-1/2"]
[WhiteElo "2010"]
[BlackElo "2153"]
[PlyCount "81"]
[EventDate "2015.09.27"]
[EventType "team-tourn"]
[EventRounds "11"]
[EventCountry "AUT"]
[SourceTitle "EXT 2017"]
[Source "ChessBase"]
[SourceDate "2016.10.25"]
[SourceVersion "1"]
[SourceVersionDate "2016.10.25"]
[SourceQuality "1"]
[WhiteTeam "Litschau/Eisgarn"]
[BlackTeam "Amstetten"]
[WhiteTeamCountry "AUT"]
[BlackTeamCountry "AUT"]

1. e4 d5 2. exd5 Nf6 3. d4 Nxd5 4. Nf3 Bg4 5. c4 Nb6 6. c5 N6d7 7. Qb3 Bxf3 8. Qxf3 Nc6 9. Bc4 e6 10. Be3 Qf6 11. Qxf6 Nxf6 12. Nc3 0-0-0 13. 0-0-0 Nb4 14. Nb5 a6 15. Na3 h6 16. Bf4 Nc6 17. Nc2 g6 18. Rhe1 Bg7 19. a3 Nd5 20. Bg3 h5 21. Re4 Rd7 22. Kb1 Nf6 23. Re3 Rhd8 24. Red3 Ne4 25. d5 exd5 26. Rxd5 Rxd5 27. Bxd5 Nxc5 28. Ne3 Ne6 29. Rc1 Kd7 30. Nc4 g5 31. h4 gxh4 32. Bxh4 Re8 33. Bf3 f5 34. Ne3 Ncd4 35. Rd1 Kc8 36. Nd5 Nxf3 37. gxf3 Nd4 38. Rg1 Bh6 39. Rg6 Nxf3 40. Rxh6 Nxh4 41. Rxh5 1/2-1/2

[Event "Niederoesterreich Landesliga 1516"]
[Site "Austria"]
[Date "2016.02.28"]
[Round "9.3"]
[White "Wadsack, Wolfgang"]
[Black "Juenger, Heinz"]
[Result "1/2-1/2"]
[WhiteElo "2153"]
[BlackElo "2143"]
[PlyCount "48"]
[EventDate "2015.09.27"]
[EventType "team-tourn"]
[EventRounds "11"]
[EventCountry "AUT"]
[SourceTitle "EXT 2017"]
[Source "ChessBase"]
[SourceDate "2016.10.25"]
[SourceVersion "1"]
[SourceVersionDate "2016.10.25"]
[SourceQuality "1"]
[WhiteTeam "Amstetten"]
[BlackTeam "Baden Invest II"]
[WhiteTeamCountry "AUT"]
[BlackTeamCountry "AUT"]

1. e4 c6 2. d4 d5 3. exd5 cxd5 4. c4 Nf6 5. Nc3 Nc6 6. Bg5 dxc4 7. Bxc4 h6 8. Bf4 e6 9. Nf3 Bd6 10. Bxd6 Qxd6 11. 0-0 0-0 12. Qd2 b6 13. Rad1 Bb7 14. Rfe1 Ne7 15. Ne5 Ned5 16. Nxd5 Bxd5 17. Bxd5 Qxd5 18. b3 Rac8 19. Rc1 Rfd8 20. Rxc8 Rxc8 21. h3 Rd8 22. Rd1 Rc8 23. Nc4 Rd8 24. Ne5 Rc8 1/2-1/2

[Event "Niederoesterreich Landesliga 1516"]
[Site "Austria"]
[Date "2015.11.08"]
[Round "3.3"]
[White "Poell, Markus"]
[Black "Wadsack, Wolfgang"]
[Result "1-0"]
[WhiteElo "2101"]
[BlackElo "2153"]
[PlyCount "111"]
[EventDate "2015.09.27"]
[EventType "team-tourn"]
[EventRounds "11"]
[EventCountry "AUT"]
[SourceTitle "CBM 170 Extra"]
[Source "ChessBase"]
[SourceDate "2016.02.25"]
[SourceVersion "1"]
[SourceVersionDate "2016.02.25"]
[SourceQuality "1"]
[WhiteTeam "Mostarrichi"]
[BlackTeam "Amstetten"]
[WhiteTeamCountry "AUT"]
[BlackTeamCountry "AUT"]

1. e4 d5 2. exd5 Nf6 3. c4 c6 4. dxc6 Nxc6 5. Be2 e5 6. d3 Bf5 7. Nc3 Bb4 8. a3 Bxc3+ 9. bxc3 Qd7 10. Ra2 Rd8 11. Rd2 0-0 12. Nf3 Qc7 13. Nh4 Bc8 14. g4 Rfe8 15. g5 Nd7 16. Nf5 Nf8 17. Ne3 Ng6 18. Nd5 Qd6 19. Bf3 Nce7 20. 0-0 Nxd5 21. cxd5 Nf4 22. c4 Bh3 23. Re1 Qg6 24. Kh1 Qxg5 25. Rg1 Qh4 26. Rg3 b6 27. Qg1 g6 28. Rd1 Bf5 29. Bg4 Bxg4 30. Rxg4 Qf6 31. Be3 Rd7 32. Qf1 Qd6 33. d4 Nh5 34. Qh3 Ng7 35. dxe5 Rxe5 36. Bf4 h5 37. Rgg1 Rde7 38. Bxe5 Rxe5 39. Qc3 Rf5 40. Qg3 Qd7 41. Rge1 h4 42. Qxh4 Rh5 43. Qg3 Rh3 44. Qe5 Rxa3 45. d6 Ne6 46. Qf6 Qc6+ 47. Kg1 Rf3 48. Qe5 Qd7 49. Qb5 Qd8 50. d7 Rf5 51. Qc6 Kh7 52. Re3 Nf4 53. Re8 Qg5+ 54. Kf1 Nh3 55. Rh8+ Kg7 56. Rxh3 1-0

[Event "Hoersching op 3rd"]
[Site "Hoersching"]
[Date "2015.09.02"]
[Round "3"]
[White "Fassmann, Klaus Juergen"]
[Black "Wadsack, Wolfgang"]
[Result "1-0"]
[WhiteElo "2056"]
[BlackElo "2153"]
[PlyCount "77"]
[EventDate "2015.08.31"]
[EventType "swiss"]
[EventRounds "7"]
[EventCountry "AUT"]
[SourceTitle "EXT 2016"]
[Source "ChessBase"]
[SourceDate "2015.10.08"]
[SourceVersion "1"]
[SourceVersionDate "2015.10.08"]
[SourceQuality "1"]

1. e4 d5 2. exd5 Nf6 3. Bb5+ Bd7 4. Bc4 Bg4 5. f3 Bf5 6. Nc3 c6 7. dxc6 Nxc6 8. d3 e6 9. Be3 Nd5 10. Bxd5 exd5 11. d4 Bb4 12. Nge2 Qe7 13. Bf2 Bxc3+ 14. bxc3 0-0 15. 0-0 Rac8 16. Ng3 Bd7 17. c4 dxc4 18. d5 Nb4 19. a3 Na6 20. Bxa7 Nc5 21. Qd4 Na4 22. d6 Qg5 23. Rfe1 Qg6 24. Re7 Rfd8 25. Rae1 h6 26. Bb6 Re8 27. Ba5 Qg5 28. Bd2 Qc5 29. Qxc5 Nxc5 30. Bb4 Kf8 31. Rd1 Rxe7 32. dxe7+ Kxe7 33. Ne4 b6 34. Nd6 Rc6 35. Nxc4 Ke8 36. Ne5 Re6 37. f4 f6 38. Nc4 Ne4 39. Rd4 1-0

[Event "Niederoesterreich Landesliga 1415"]
[Site "Austria"]
[Date "2014.10.26"]
[Round "2.3"]
[White "Juhasz, Kristof"]
[Black "Wadsack, Wolfgang"]
[Result "1-0"]
[WhiteElo "2356"]
[BlackElo "2141"]
[PlyCount "201"]
[EventDate "2014.10.05"]
[EventType "team-tourn"]
[EventRounds "11"]
[EventCountry "AUT"]
[SourceTitle "EXT 2016"]
[Source "ChessBase"]
[SourceDate "2015.10.08"]
[SourceVersion "1"]
[SourceVersionDate "2015.10.08"]
[SourceQuality "1"]
[WhiteTeam "Bad Voeslau/Kottingbrunn"]
[BlackTeam "Amstetten"]
[WhiteTeamCountry "AUT"]
[BlackTeamCountry "AUT"]

1. c4 Nf6 2. Nf3 d5 3. cxd5 Nxd5 4. d4 g6 5. e4 Nb6 6. h3 Bg7 7. Nc3 0-0 8. Be2 Nc6 9. d5 Ne5 10. Nxe5 Bxe5 11. Bg5 Qe8 12. 0-0 c6 13. Re1 Bg7 14. Qb3 e5 15. Be3 Nd7 16. Qc4 Nb6 17. Qb3 Nd7 18. Rac1 Kh8 19. Bf3 f6 20. dxc6 bxc6 21. Na4 Nb6 22. Nc5 Rf7 23. Red1 Bf8 24. Qc2 Nd7 25. Nb3 Nb8 26. Na5 Rc7 27. Be2 Bb4 28. Qa4 Be7 29. Bc5 Be6 30. b3 Bxc5 31. Rxc5 Nd7 32. Rcc1 Nb6 33. Qa3 Rac8 34. Qc5 Nd7 35. Qc3 Nb8 36. Rd6 Rd8 37. Rcd1 Rxd6 38. Rxd6 Rd7 39. Rxd7 Qxd7 40. Qc5 Kg7 41. Qb4 Qc7 42. Nb7 Bf7 43. Nc5 Qd6 44. Bg4 Qc7 45. Be6 a5 46. Qc3 Be8 47. Bc4 Bd7 48. Qd2 g5 49. Qd1 Kg6 50. Kh2 h5 51. g3 Be8 52. Be6 Kh6 53. Qd2 Bg6 54. h4 Qe7 55. hxg5+ fxg5 56. Qxa5 Bxe4 57. Qc3 Na6 58. Nxa6 Qxe6 59. Nc5 Qf5 60. Qe3 Bd5 61. Nd3 Be4 62. Nc5 Bd5 63. Nd3 Be4 64. Ne1 Bd5 65. a4 Be6 66. Kg1 Bd5 67. a5 Qh3 68. Nf3 Qf5 69. Ne1 Qh3 70. Nf3 Qf5 71. Nd2 Qh3 72. Ne4 Qf5 73. f3 Kg6 74. a6 g4 75. a7 c5 76. Qxc5 Bxe4 77. Qb6+ Kf7 78. fxe4 Qc8 79. Qf2+ Kg7 80. Kh2 Qa6 81. b4 h4 82. gxh4 Qa3 83. Qg2 Qxa7 84. Qxg4+ Kh7 85. Qf5+ Kg8 86. Qg6+ Kf8 87. Qf5+ Kg8 88. Kh3 Qd4 89. Kg4 Qxb4 90. Qxe5 Qe1 91. Qf4 Qg1+ 92. Kf5 Qc5+ 93. e5 Qf8+ 94. Kg4 Qc8+ 95. Qf5 Qc4+ 96. Kh5 Kh8 97. e6 Qe2+ 98. Kg5 Qe3+ 99. Kf6 Qd4+ 100. Qe5 Qxh4+ 101. Kg6+ 1-0

[Event "Hoersching op 2nd"]
[Site "Hoersching"]
[Date "2014.08.31"]
[Round "9"]
[White "Boksinski, Jordan"]
[Black "Wadsack, Wolfgang"]
[Result "0-1"]
[WhiteElo "2095"]
[BlackElo "2141"]
[PlyCount "76"]
[EventDate "2014.08.23"]
[EventType "swiss"]
[EventRounds "9"]
[EventCountry "AUT"]
[SourceTitle "EXT 2015"]
[Source "ChessBase"]
[SourceDate "2014.11.20"]
[SourceVersion "1"]
[SourceVersionDate "2014.11.20"]
[SourceQuality "1"]

1. a3 d5 2. f4 c5 3. Nf3 Nc6 4. d3 g6 5. g3 Bg7 6. Bg2 Nf6 7. 0-0 0-0 8. Nc3 Bg4 9. Nh4 Qd7 10. Re1 Rac8 11. Nf3 d4 12. Ne4 Nxe4 13. dxe4 Rfd8 14. e5 c4 15. b4 b5 16. c3 dxc3 17. Be3 Qxd1 18. Raxd1 Rxd1 19. Rxd1 a5 20. Bc5 axb4 21. axb4 e6 22. Ng5 Bxe2 23. Re1 c2 24. Ra1 Nxe5 25. fxe5 Bxe5 26. Rc1 Bd3 27. Be4 Bb2 28. Rxc2 Bxc2 29. Bxc2 Rd8 30. Nf3 e5 31. Kf1 Bd4 32. Ke2 Bxc5 33. bxc5 Rc8 34. Nxe5 Rxc5 35. Nd7 Rc6 36. Ke3 Re6+ 37. Kf3 b4 38. Nc5 Rc6 0-1